| 000 | 00600nam a2200205 a 4500 | ||
|---|---|---|---|
| 005 | 20140310183140.0 | ||
| 008 | 020822s19uu xx 00 eng d | ||
| 020 | _a8170366682 | ||
| 020 | _a8170366690 | ||
| 050 |
_aHF 5387 _b.P44 1998 |
||
| 100 | _aPetrick, Joseph A. | ||
| 245 |
_aManagement ethics : _cJoseph A. Petrick, John F Quinn. _bIntegrity at Work / |
||
| 260 |
_aNew Delhi : _bResponse Books, _c1998 |
||
| 300 |
_a399 p. : _bill. ; _c22 cm. |
||
| 521 | _aBSBA | ||
| 650 | _aBusiness ethics | ||
| 650 |
_aManagement _xmoral & ethical aspects |
||
| 942 |
_cBK _2lcc _kLOC |
||
| 999 |
_c19374 _d19374 |
||